| 000 | 01444nam a2200301 i 4500 | ||
|---|---|---|---|
| 003 | EG-GICUC | ||
| 005 | 20260213141508.0 | ||
| 008 | 260213s1965 ua |||fr|||| 00| 0 ara d | ||
| 040 |
_a EG-GICUC _bara _c EG-GICUC _d EG-GICUC _erda |
||
| 041 | 0 | _aAra | |
| 082 | 0 | 4 |
_221 _a343.3 _bق ا |
| 092 | 0 | 4 | _221 |
| 099 | _aLaw1 10 343.3 ق ا 1965 | ||
| 245 | 0 | 0 | _aقانون الإجراءات الجنائية المعدل بالقانون رقم 107 لسنة 1952. |
| 264 | 1 |
_a[مكان النشر غير محدد] : _bدار الفكر الحديث، _c1965. |
|
| 300 |
_a160 ؛صفحة _c24 سم. |
||
| 336 |
_2rda content _atext |
||
| 337 |
_2rda media _aComputer |
||
| 338 |
_2rda carrier _aOnline Resource |
||
| 500 | _aقانون الإجراءات الجنائية المعدل بالقانون رقم 107 لسنة 1962 والقانون رقم 7163 النصوص التوضيحية للقانون رقم 107 المذكرة الإيضاحية للقانون رقم 107 نصوص القانون رقم 57 لسنة 1959 المعدل بالقانون رقم 16 لسنة 1962 بشأن الطعن فى المواد الجزئية | ||
| 546 | _aالنص باللغة العربية | ||
| 650 | 1 |
_aقانون الإجراءات الجنائية _2qrmak |
|
| 650 | 1 |
_aالقانون الجنائى _2qrmak |
|
| 651 | 1 | _2qrmak | |
| 856 | 4 | 0 | _uhttps://fll.law.cu.edu.eg/fulltext/bks/B10-08801.pdf |
| 905 | _a54 | ||
| 942 |
_2ddc _cBK _e21 _n0 |
||
| 999 |
_c63025 _d63025 |
||